000 00698nam a22002777a 4500
001 BR0404085
003 BR-BrBNA
005 20230928101706.0
007 ta
008 230509b bl.||||| |||| 00| 0 por d
040 _aBR-BrBNA
_bpor
_cBiblioteca Nacional de Agricultura
041 _a(Por)
072 _aC20
090 _ C20 BR0404085
100 1 _aSilveira, M.A. da
100 1 _aCanuto, J.C.
245 1 _aEstudos de comunicação rural
260 3 _aSão Paulo, SP (Brasil):
_c1988.
300 _a149 p.
650 _aCOMUNICAÇÃO RURAL
650 _aJORNALISMO
650 _aTELEVISÃO
650 _aEXTENSÃO RURAL
909 _a202309
_bLucia
_c55
_dLucia Elande
942 _cBK
999 _c67106
_d67106